| Tag |
First Indicator |
Second Indicator |
Subfields |
| LEADER |
00000cam a2200000 a 4500 |
| 001 |
in00001069772 |
| 005 |
20150929101605.0 |
| 008 |
910207s1991 enka b 001 0 eng |
| 010 |
|
|
|a 91008960
|
| 020 |
|
|
|a 0521401518 (hardcover)
|
| 035 |
|
|
|a (OCoLC)23177537
|
| 035 |
|
|
|9 AFP2076AM
|
| 040 |
|
|
|a DLC
|c DLC
|d TXA
|d UtOrBLW
|
| 043 |
|
|
|a a-io---
|
| 049 |
|
|
|a TXAM
|
| 050 |
0 |
0 |
|a GN635.I65
|b H45 1991
|
| 082 |
0 |
0 |
|a 155.8/09598
|2 20
|
| 100 |
1 |
|
|a Heider, Karl G.,
|d 1935-
|
| 245 |
1 |
0 |
|a Landscapes of emotion :
|b mapping three cultures of emotion in Indonesia /
|c Karl G. Heider.
|
| 264 |
|
1 |
|a Cambridge ;
|a New York :
|b Cambridge University Press ;
|a Paris :
|b Editions de la maison des sciences de l'homme,
|c 1991.
|
| 300 |
|
|
|a xv, 332 pages :
|b illustrations ;
|c 25 cm.
|
| 336 |
|
|
|a text
|b txt
|2 rdacontent
|
| 337 |
|
|
|a unmediated
|b n
|2 rdamedia
|
| 338 |
|
|
|a volume
|b nc
|2 rdacarrier
|
| 490 |
1 |
|
|a Studies in emotion and social interaction
|
| 504 |
|
|
|a Includes bibliographical references (pages 321-328) and indexes.
|
| 650 |
|
0 |
|a Ethnopsychology
|z Indonesia.
|
| 650 |
|
0 |
|a Emotions
|x Cross-cultural studies.
|
| 650 |
|
0 |
|a Minangkabau (Indonesian people)
|x Psychology.
|
| 830 |
|
0 |
|a Studies in emotion and social interaction.
|
| 999 |
|
|
|a MARS
|
| 999 |
f |
f |
|s 18b12a7f-4746-382e-a05d-228661241033
|i af7dd692-d687-3930-9d88-22e4bfaad548
|t 0
|
| 952 |
f |
f |
|p ric
|a Texas A&M University
|b Rellis Campus
|c Joint Library Facility
|d Remote Storage
|t 0
|e GN635.I65 H45 1991
|h Library of Congress classification
|i unmediated -- volume
|m A14815655859
|
| 998 |
f |
f |
|a GN635.I65 H45 1991
|t 0
|l Remote Storage
|